|
|
|
|
| LEADER |
00735nta a2200169 i 4500 |
| 001 |
dipl51320 |
| 005 |
20150427133909.0 |
| 008 |
150424s2014 hu om 0|| zxx d |
| 040 |
|
|
|a SZTE Diploma Repozitórium
|b hun
|
| 041 |
|
|
|a zxx
|
| 100 |
1 |
|
|a Jagodics Balázs
|
| 245 |
1 |
2 |
|a A tanári kiégés összefüggései munkahelyi tényezőkkel és a társas támogatással
|h [elektronikus dokumentum] /
|c Balázs Jagodics
|
| 246 |
1 |
0 |
|a The relationship between teacher burnout, job characteristics and social support
|h [elektronikus dokumentum]
|
| 260 |
|
|
|c 2014
|
| 650 |
|
4 |
|a Bölcsészettudományok
|
| 700 |
1 |
|
|a Szabó Éva
|e ths
|
| 856 |
4 |
0 |
|u http://diploma.bibl.u-szeged.hu/id/eprint/51320/1/2013_Jagodics_Bal%C3%A1zs_JABRAAB_SZE_SZ.pdf
|z Dokumentum-elérés
|